| 000 | 00577nam a22001937a 4500 | ||
|---|---|---|---|
| 003 | OSt | ||
| 005 | 20260304075333.0 | ||
| 008 | 260304b |||||||| |||| 00| 0 eng d | ||
| 020 | _a9709710070763 | ||
| 040 |
_aDWCL - Main Lib. _cOC |
||
| 082 | _aFil. 158.2 S211h 2014 | ||
| 100 | _aSanchez, Bo | ||
| 245 |
_aHow to deal with difficult people / _cBo Sanchez |
||
| 260 |
_aQuezon City, Philippines : _bThe Feast Books, _cc2014. |
||
| 300 |
_aiv, 122 pages ; _c21cm. |
||
| 650 | _a1. Conflict management. | ||
| 650 | _a2. Interpersonal relations. | ||
| 942 |
_2ddc _cBK - FIL _n0 |
||
| 999 |
_c8628 _d8628 |
||